| 000 | 00411nam a2200145 a 4500 | ||
|---|---|---|---|
| 005 | 20140311163028.0 | ||
| 008 | 091109s19uu xx 00 eng d | ||
| 020 | _a978-1-4129-7075-4 | ||
| 100 | _aNorthouse, Peter G. | ||
| 245 |
_aIntroduction to leadership concepts and practice. / _cPeter G. Northouse. |
||
| 260 |
_aLos Angeles : _bSAGE, _cc2009. |
||
| 300 | _a186 p. | ||
| 650 | _aLeadership. | ||
| 942 | _cBK | ||
| 999 |
_c39598 _d39598 |
||